LEADER 03382nam 22006375 450 001 996449446503316 005 20190723020930.0 010 $a1-282-71423-6 010 $a9786612714238 010 $a3-11-021400-8 024 7 $a10.1515/9783110214000 035 $a(CKB)2480000000000137 035 $a(EBL)511920 035 $a(OCoLC)624675369 035 $a(SSID)ssj0000588694 035 $a(PQKBManifestationID)11373346 035 $a(PQKBTitleCode)TC0000588694 035 $a(PQKBWorkID)10651540 035 $a(PQKB)11639905 035 $a(MiAaPQ)EBC511920 035 $a(WaSeSS)Ind00008533 035 $a(DE-B1597)35967 035 $a(OCoLC)979588263 035 $a(OCoLC)987928928 035 $a(OCoLC)992523741 035 $a(DE-B1597)9783110214000 035 $a(EXLCZ)992480000000000137 100 $a20190723d2009 fg 101 0 $ager 135 $aur|n|---||||| 181 $ctxt 182 $cc 183 $acr 200 14$aDer Anfang vom Ende der Ottonen $eKonstitutionsbedingungen historiographischer Nachrichten in der Chronik Thietmars von Merseburg /$fKerstin Schulmeyer-Ahl 210 1$aBerlin ;$aBoston : $cDe Gruyter, $d[2009] 210 4$d©2009 215 $a1 online resource (471 p.) 225 0 $aMillennium-Studien / Millennium Studies ;$v26 300 $aDescription based upon print version of record. 311 $a3-11-019100-8 327 $t Frontmatter -- $tInhaltsverzeichnis -- $t1. Einleitung: Lesarten ottonischer Historiographie -- $t2. Die Zeit der sächsischen Kaiser: Über die Willkür historiographischer Epochenbildung -- $t3. adde et tolle - Historiographie zwischen Geschichtsexegese und Gegenwartschronistik -- $t4. Zwischensumme: Konstitutionsbedingungen historiographischer Nachrichten -- $t5. Konstitutionsbedingungen historiographischer Nachrichten: Zwei Beispiele -- $t6. Die Zeit der sächsischen Kaiser: Vision und Revision -- $t7. Das Ende vom Anfang: Die Dynamik historischen Wissens -- $t Backmatter 330 $aIn der Chronik Thietmars von Merseburg fließen die Erfahrungen und Probleme des zehnten und frühen elften Jahrhunderts zusammen, sie werden in ihr aufgegriffen und zu einer Epoche geformt: Die "Zeit der sächsischen Kaiser" - sie ist Thietmars historiographische Schöpfung. Periodisierung, aber auch zeitgenössische Hermeneutik und Kognitionsformen sind konstitutive Faktoren für die Entstehung historiographischer Nachrichten. In dieser Gesamtdeutung der Chronik des Merseburger Bischofs wird historisches Wissen konsequent als Produkt eines dynamischen Prozesses, als Wechselspiel kultureller und kognitiver Faktoren in einer je spezifischen historischen Situation verstanden. Auf der Basis dieses dynamischen Wissensbegriffs gelingt es, zentrale Episoden der ottonischen Geschichtsschreibung neu zu deuten und zugleich das Zukunftspotential von Vergangenheitsbildern aufscheinen zu lassen. 410 0$aMillennium-Studien ;$vBand 26. 606 $aHistoriography$zGermany 610 $aChronicle. 610 $aOttonian. 610 $aThietmar of Merseburg. 615 0$aHistoriography 676 $a943/.022 700 $aSchulmeyer-Ahl$b Kerstin, $01070277 801 0$bDE-B1597 801 1$bDE-B1597 906 $aBOOK 912 $a996449446503316 996 $aDer Anfang vom Ende der Ottonen$92558110 997 $aUNISA LEADER 01714nam 2200409Ia 450 001 996390716903316 005 20221108080459.0 035 $a(CKB)1000000000653150 035 $a(EEBO)2248514803 035 $a(UnM)9928962100971 035 $a(UnM)99900055 035 $a(EXLCZ)991000000000653150 100 $a19970319d1700 uy | 101 0 $aeng 135 $aurbn||||a|bb| 200 14$aThe whole duty of man epitomiz'd$b[electronic resource] $efor the benefit of the poor. With select prayers suited to every partition. By Edm. Stacy, a minister of the Church of England 210 $aLondon $cprinted for John Lawrence at the Angel in the Poultrey$d1700 215 $a[8], 134, [2] p 300 $aAn abridgment by Edmund Stacy of Richard Allestree's "Whole duty of man". 300 $aPublished anonymously in 1658 with title: "The practice of Christian graces, or, The whole duty of man" and variously attributed to Lady Dorothy Pakington, Archbishop Sterne, Bishop John Fell, and others, although now generally attributed to Richard Allestree--DNB. 300 $aWith a final advertisement leaf. 300 $aReproduction of original in the British Library. 330 $aeebo-0018 606 $aDevotional exercises$vEarly works to 1800 606 $aChristian life$vEarly works to 1800 615 0$aDevotional exercises 615 0$aChristian life 700 $aAllestree$b Richard$f1619-1681.$0793142 701 $aStacy$b Edmund$fb. 1657 or 8.$01010337 801 0$bCu-RivES 801 1$bCu-RivES 801 2$bCu-RivES 801 2$bWaOLN 906 $aBOOK 912 $a996390716903316 996 $aThe whole duty of man epitomiz'd$92336805 997 $aUNISA